A sourcebook of HIV/AIDS prevention programs / (Record no. 16700)

000 -LEADER
fixed length control field 00458cam a22001694a 4500
020 ## - INTERNATIONAL STANDARD BOOK NUMBER
ISBN 0821357573
040 ## - CATALOGING SOURCE
Transcribing agency DLC
082 00 - DEWEY DECIMAL CLASSIFICATION NUMBER
Classification number 616 WOR 2008 A110 Or.
245 02 - TITLE STATEMENT
Title A sourcebook of HIV/AIDS prevention programs /
260 ## - PUBLICATION, DISTRIBUTION, ETC. (IMPRINT)
Place of publication Washington, DC :
Name of publisher World Bank,
Year of publication 2004-c2008.
300 ## - PHYSICAL DESCRIPTION
Number of Pages 2 v. :
Other physical details ill. ;
Dimensions 28 cm.
650 #0 - SUBJECT ADDED ENTRY--TOPICAL TERM
Topical Term AIDS (Disease)
700 1# - ADDED ENTRY--PERSONAL NAME
Personal name Valerio, Alexandria,
700 1# - ADDED ENTRY--PERSONAL NAME
Personal name Bundy, Donald A. P.
700 1# - ADDED ENTRY--PERSONAL NAME
Personal name Beasley, Michael,
942 ## - ADDED ENTRY ELEMENTS (KOHA)
Koha item type សៀវភៅភាសាអង់គ្លេស
952 ## - LOCATION AND ITEM INFORMATION (KOHA)
Withdrawn status [LOCAL, KOHA] 0
Holdings
Permanent Location Date acquired Koha item type Lost status Shelving location Barcode Current Location Full call number
Library Block A2018-03-27សៀវភៅភាសាអង់គ្លេស A107A20930Library Block A616 WOR 2008 A107 Or.
មជ្ឈមណ្ឌលឯការនៃសាកលវិទ្យាល័យភូមិន្ទកសិកម្មចំការដូង

Powered by Koha